000 01141nam a2200325 i 4500
001 000016373
003 DO-SdBNP
005 20250925132227.0
007 ta
008 100304s2008 dr a 001 0 spa d
040 _aDO-SdBNP
_bspa
_cBNPHU
_erda
041 _aspa
082 4 _a922.22
_bR789v
_222
100 1 _aRosario Goris, P. José,
_eautor
_4aut.
_936511
245 1 3 _aLa vida de San Pablo :
_bhombre de su tiempo, modelo para hoy /
_cReverendo P. José Rosario Goris.
250 _aPrimera edición
264 1 _aSanto Domingo, República Dominicana :
_bAmigo del Hogar,
_c2008.
300 _a180 páginas :
_bilustraciones ;
_c23 cm.
336 _atexto
_btxt
_2rdacontent
337 _asin mediación
_bn
_2rdamedia
338 _avolumen
_bnc
_2rdacarrier
504 _aBibliografía: página 179-180
590 _aInventariado, 2025/BT
600 1 4 _aPablo,
_cEl Apóstol, Santo
_936512
630 4 _aBiblia.
_pN.T.
_pepístolas de San Pablo
_xCrítica, interpretación, etc.
_936513
650 4 _aSantos
_vBIOGRAFÍAS
_936514
650 4 _aApóstoles
_9886
910 _aValidado. Control de calidad EMS
942 _2ddc
_cLBS1
999 _c15908
_d15908